| 000 | 01177cam a2200229 4500 | ||
|---|---|---|---|
| 001 | L159047 | ||
| 008 | 061013n2015 000 0 eng u | ||
| 035 | _a(Sirsi) u159047 | ||
| 041 | 0 | _aeng | |
| 050 | 0 | 4 | _a692.8 |
| 110 | 1 |
_aInstitution of Civil Engineers _91402 |
|
| 245 | 0 | 0 |
_aEarly contractor involvement _h[electronic resource] |
| 260 |
_aLondon _bThomas Telford Ltd _c2015 |
||
| 300 | _aeBook | ||
| 520 | _aThis additional clause should be used along with the NEC3 Engineering and Construction Contract (ECC) Option C and E where early contractor involvement is required. The purpose of this guidance is to assist users understand the additional provisions needed to enable the NEC3 ECC to be used in an early contractor involvement (ECI) approach. This allows the Contractor to be appointed before details of what is to be constructed have been fully developed and priced. | ||
| 590 | _aKA | ||
| 650 | 2 | 4 | _aNEC |
| 651 | 4 |
_aUnited Kingdom _y |
|
| 690 | _aBUILT ENVIRONMENT-BUILDING CONTRACT FORMS | ||
| 856 | 4 | 8 |
_uhttps://www.neccontract.com/getmedia/ba399179-7e32-42af-8288-a76de9fe0759/NEC_ECC_WEB.pdf.aspx _zView this item at www.neccontract.com |
| 942 | _n0 | ||
| 999 |
_c115645 _d115645 |
||